Statistics for US Presidents by Final Approval Rating

Click here to take the quiz!

General Stats

  • This quiz has been taken 28 times
  • The average score is 9 of 12

Answer Stats

Final Approval RatingPresident% Correct
34%George W. Bush
87%
63%Ronald Reagan
87%
59%Barack Obama
83%
66%Bill Clinton
83%
34%Donald Trump
83%
34%Jimmy Carter
83%
24%Richard Nixon
83%
56%George H. W. Bush
78%
53%Gerald Ford
74%
49%Lyndon Johnson
74%
32%Harry Truman
70%
59%Dwight Eisenhower
65%

Score Distribution

Percentile by Number Answered

Percent of People with Each Score

Your Score History

You have not taken this quiz